000 00386nam a22001457a 4500
999 _c12215
_d12215
008 210122b ||||| |||| 00| 0 eng d
082 0 0 _a623.87236
_bP8767
100 _9803
_aPounder, C. C.
245 1 0 _aMarine diesel engines
_cBy C. C. Pounder
260 _aLondon
_bGeorge Newnes ltd.
_c1954
300 _a434 p.
365 _d72.00
650 0 _aMarine Diesel Motors
942 _cBK